On gangs and family: primary, secondary, and surrogate family
Research rarely explores the link between family and the gang directly. This is an important oversight, because family plays important and dynamic roles in the development of gangs, gang members, and gang careers. Marginalized or otherwise troubled primary families (i.e., families of origin) tend to...
| Autores principales: | ; ; |
|---|---|
| Tipo de documento: | Print Artículo |
| Lenguaje: | Inglés |
| Publicado: |
2024
|
| En: |
The Oxford handbook of gangs and society
Año: 2024, Páginas: 560-576 |
| Verificar disponibilidad: | HBZ Gateway |
| Palabras clave: |
MARC
| LEADER | 00000naa a2200000 c 4500 | ||
|---|---|---|---|
| 001 | 1919958533 | ||
| 003 | DE-627 | ||
| 005 | 20250318075529.0 | ||
| 007 | tu | ||
| 008 | 250318s2024 xx ||||| 00| ||eng c | ||
| 020 | |a 9780197618158 | ||
| 035 | |a (DE-627)1919958533 | ||
| 035 | |a (DE-599)KXP1919958533 | ||
| 040 | |a DE-627 |b ger |c DE-627 |e rda | ||
| 041 | |a eng | ||
| 084 | |a 2,1 |2 ssgn | ||
| 100 | 1 | |a Cesar, Gabriel T. |e VerfasserIn |4 aut | |
| 245 | 1 | 0 | |a On gangs and family |b primary, secondary, and surrogate family |c Gabriel T. Cesar, D’Andre Walker, and Tiffany Fernandez |
| 264 | 1 | |c 2024 | |
| 336 | |a Text |b txt |2 rdacontent | ||
| 337 | |a ohne Hilfsmittel zu benutzen |b n |2 rdamedia | ||
| 338 | |a Band |b nc |2 rdacarrier | ||
| 500 | |a Literaturverzeichnis: Seite 572-576 | ||
| 520 | |a Research rarely explores the link between family and the gang directly. This is an important oversight, because family plays important and dynamic roles in the development of gangs, gang members, and gang careers. Marginalized or otherwise troubled primary families (i.e., families of origin) tend to push youth toward gangs. Later in life, the responsibilities of secondary families (i.e., created families) tend to pull young adults out of or away from gangs. However, how the gang functions as a replacement source of attachment (e.g., surrogate family) over the life course is not well understood. This chapter advances the discussion of gangs and families by integrating the life-course perspective of gang involvement with attachment theory to generate a more functional and inclusive framework through which to analyze family and the gang as group processes. | ||
| 650 | 4 | |a Gangs | |
| 650 | 4 | |a Family | |
| 650 | 4 | |a Attachment | |
| 650 | 4 | |a Life Course | |
| 650 | 4 | |a youth development | |
| 650 | 4 | |a Trauma | |
| 650 | 4 | |a Masculinity | |
| 700 | 1 | |a Walker, D'Andre |e VerfasserIn |4 aut | |
| 700 | 1 | |a Fernandez, Tiffany |e VerfasserIn |4 aut | |
| 773 | 0 | 8 | |i Enthalten in |t The Oxford handbook of gangs and society |d New York : Oxford University Press, 2024 |g (2024), Seite 560-576 |h xiii, 903 Seiten |w (DE-627)1866040391 |z 9780197618158 |7 nnam |
| 773 | 1 | 8 | |g year:2024 |g pages:560-576 |
| 776 | 1 | |o 10.1093/oxfordhb/9780197618158.013.14 | |
| 951 | |a AR | ||
| ELC | |b 1 | ||
| LOK | |0 000 xxxxxcx a22 zn 4500 | ||
| LOK | |0 001 468785219X | ||
| LOK | |0 003 DE-627 | ||
| LOK | |0 004 1919958533 | ||
| LOK | |0 005 20250318075411 | ||
| LOK | |0 008 250318||||||||||||||||ger||||||| | ||
| LOK | |0 040 |a DE-2619 |c DE-627 |d DE-2619 | ||
| LOK | |0 092 |o n | ||
| LOK | |0 852 |a DE-2619 | ||
| LOK | |0 852 1 |9 00 | ||
| LOK | |0 939 |a 18-03-25 |b l01 | ||
| ORI | |a SA-MARC-krimdoka001.raw | ||
